000 00610nam a2200181Ia 4500
008 100920s9999 xx 000 0 und d
082 _b79907
_a51 न 00
100 _aगवांदे राजाभाऊ.
245 _aआठवणींचा मोहर.
260 _bमेहता पब्लिशिंग हाऊस, पुणे 30.
_c2000
300 _a258
_bसाधी
365 _b160
520 _aचरित्र.
630 _aआठवणींचा मोहर.
650 _aचरित्र.
730 _aआठवणींचा मोहर.
942 _cBOOK
999 _c720864
_d720861